[Event "FRA-chT U20 16 GP Basse 1213"]
[Site "France"]
[Date "2013.05.20"]
[Round "11"]
[White "Stark, Gabriel"]
[Black "Pigeat, Alexandre"]
[Result "0-1"]
[WhiteElo "1842"]
[BlackElo "1897"]
[PlyCount "82"]
[EventDate "2012.12.01"]
[EventType "team"]
[EventRounds "11"]
[EventCountry "FRA"]
[SourceTitle "EXT 2014"]
[Source "ChessBase"]
[SourceDate "2013.11.20"]
[SourceVersion "1"]
[SourceVersionDate "2013.11.20"]
[SourceQuality "1"]
[WhiteTeam "Saint Mande U20"]
[BlackTeam "Sainte Foy (U20)"]
[WhiteTeamCountry "FRA"]
[BlackTeamCountry "FRA"]

1. d4 d5 2. c4 e6 3. Nf3 c6 4. Nc3 dxc4 5. a4 Bb4 6. e4 b5 7. Ne5 Nf6 8. Bg5 h6 9. Bxf6 Qxf6 10. Be2 Bb7 11. 0-0 Bxc3 12. bxc3 a6 13. f4 Qe7 14. Bh5 0-0 15. f5 Nd7 16. Nxd7 Qxd7 17. Qg4 exf5 18. exf5 Bc8 19. Qg3 Kh7 20. Rf4 Qd6 21. Raf1 Qf6 22. Qf3 Bb7 23. g4 Qh4 24. h3 Rab8 25. Kh2 c5 26. d5 Qd8 27. Rd1 Qd6 28. Kg1 Kg8 29. g5 hxg5 30. Rg4 Qh6 31. Rg3 Rbd8 32. Kf2 b4 33. h4 Bxd5 34. Rxd5 Rxd5 35. Bxf7+ Rxf7 36. Qxd5 gxh4 37. Rg4 Qf6 38. Qxc4 Qxf5+ 39. Kg2 Qf3+ 40. Kh2 Qf2+ 41. Kh3 Kf8 0-1

[Event "FRA-chT U20 16 GP Basse 1213"]
[Site "France"]
[Date "2013.05.19"]
[Round "10"]
[White "Berthaut, Alexandre"]
[Black "Stark, Gabriel"]
[Result "0-1"]
[WhiteElo "1410"]
[BlackElo "1842"]
[PlyCount "56"]
[EventDate "2012.12.01"]
[EventType "team"]
[EventRounds "11"]
[EventCountry "FRA"]
[SourceTitle "EXT 2014"]
[Source "ChessBase"]
[SourceDate "2013.11.20"]
[SourceVersion "1"]
[SourceVersionDate "2013.11.20"]
[SourceQuality "1"]
[WhiteTeam "Monaco (U20)"]
[BlackTeam "Saint Mande U20"]
[WhiteTeamCountry "FRA"]
[BlackTeamCountry "FRA"]

1. e4 e6 2. d4 d5 3. exd5 exd5 4. c4 c6 5. Nc3 Bb4 6. Bd3 Ne7 7. Nge2 0-0 8. 0-0 Nd7 9. Qb3 Bxc3 10. bxc3 dxc4 11. Bxc4 h6 12. Ba3 b5 13. Bd3 Nb6 14. Nf4 Re8 15. Bxe7 Qxe7 16. Bg6 Nc4 17. Bb1 Qd6 18. Qc2 Qxf4 19. Qh7+ Kf8 20. Qh8+ Ke7 21. Re1+ Be6 22. Qxg7 Rg8 23. Qh7 Nd2 24. Rxe6+ Kxe6 25. Bf5+ Kf6 26. g3 Nf3+ 27. Kh1 Qxf5 28. Qxh6+ Rg6 0-1

[Event "FRA-chT U20 GpB 1213"]
[Site "France"]
[Date "2013.01.04"]
[Round "4"]
[White "Stark, Gabriel"]
[Black "Rodriguez, Adrien"]
[Result "0-1"]
[WhiteElo "1842"]
[BlackElo "2012"]
[PlyCount "102"]
[EventDate "2012.12.01"]
[EventType "team"]
[EventRounds "7"]
[EventCountry "FRA"]
[SourceTitle "EXT 2014"]
[Source "ChessBase"]
[SourceDate "2013.11.20"]
[SourceVersion "1"]
[SourceVersionDate "2013.11.20"]
[SourceQuality "1"]
[WhiteTeam "Saint Mande U20"]
[BlackTeam "Creteil (U20)"]
[WhiteTeamCountry "FRA"]
[BlackTeamCountry "FRA"]

1. d4 Nf6 2. c4 c5 3. d5 a6 4. a4 e6 5. Nc3 exd5 6. cxd5 d6 7. e4 g6 8. Bg5 Bg7 9. f4 Qa5 10. Qd2 0-0 11. Nf3 Re8 12. Bd3 b5 13. 0-0 b4 14. Bxf6 Bxf6 15. Ne2 c4 16. Bc2 Bxb2 17. Rab1 Qc5+ 18. Kh1 a5 19. e5 c3 20. Qd4 Ba6 21. Rfe1 Bc4 22. exd6 Nd7 23. Ne5 Bxe2 24. Qxc5 Nxc5 25. Rxe2 f6 26. d7 Nxd7 27. Rbe1 fxe5 28. fxe5 Nc5 29. h4 b3 30. Bb1 c2 31. Bxc2 bxc2 32. Rxc2 Nxa4 33. e6 Rad8 34. Re4 Rxd5 35. Rxa4 Be5 36. g4 Rxe6 37. Rc8+ Kf7 38. Ra8 Bc3 39. Rf4+ Ke7 40. Ra7+ Rd7 41. Rxd7+ Kxd7 42. Kg2 Bb4 43. Rf7+ Re7 44. Rf1 Kc6 45. Rc1+ Kb5 46. Kf3 a4 47. Rb1 a3 48. Kf4 Ka4 49. h5 gxh5 50. gxh5 a2 51. Ra1 Kb3 0-1

[Event "FRA-ch U14"]
[Site "Nimes"]
[Date "2012.04.21"]
[Round "9"]
[White "Stark, Gabriel"]
[Black "Veys, Vincent"]
[Result "1-0"]
[WhiteElo "1800"]
[BlackElo "1961"]
[PlyCount "55"]
[EventDate "2012.04.14"]
[EventType "swiss"]
[EventRounds "9"]
[EventCountry "FRA"]
[SourceTitle "CBM 148 Extra"]
[Source "ChessBase"]
[SourceDate "2012.06.22"]
[SourceVersion "1"]
[SourceVersionDate "2012.06.22"]
[SourceQuality "1"]

1. d4 d5 2. c4 c6 3. Nc3 dxc4 4. a4 e5 5. e3 exd4 6. exd4 Be6 7. Nf3 Bb4 8. Ne5 Qe7 9. Be3 Nf6 10. Bxc4 Bxc4 11. Nxc4 Nd5 12. Qd2 Nd7 13. 0-0 b5 14. Bg5 Qf8 15. Nxd5 cxd5 16. Rfe1+ Ne5 17. Rxe5+ Kd7 18. Qf4 dxc4 19. Rxb5 Bd6 20. Qf5+ Kc7 21. Rc1 f6 22. Rxc4+ Kd8 23. Bf4 Qe7 24. g3 Bxf4 25. Qd5+ Ke8 26. Qxa8+ Kf7 27. Qd5+ Kf8 28. Rc8+ 1-0

[Event "FRA-chT U20 1112"]
[Site "France"]
[Date "2011.12.04"]
[Round "3.2"]
[White "Le Pen, Steven"]
[Black "Stark, Gabriel"]
[Result "1-0"]
[WhiteElo "1867"]
[BlackElo "1814"]
[PlyCount "89"]
[EventDate "2011.12.03"]
[EventType "team-swiss"]
[EventRounds "7"]
[EventCountry "FRA"]
[SourceTitle "EXT 2013"]
[Source "ChessBase"]
[SourceDate "2012.11.22"]
[SourceVersion "1"]
[SourceVersionDate "2012.11.22"]
[SourceQuality "1"]

1. e4 e6 2. d4 d5 3. Nc3 Nf6 4. Bg5 Be7 5. e5 Nfd7 6. h4 a6 7. Qg4 f6 8. exf6 Nxf6 9. Qg3 Bd6 10. Qe3 0-0 11. Nf3 b6 12. 0-0-0 c5 13. dxc5 bxc5 14. Nxd5 exd5 15. Rxd5 Bf4 16. Qxf4 Qxd5 17. Bc4 Nbd7 18. Bxd5+ Nxd5 19. Qd6 N5f6 20. Bxf6 Nxf6 21. Re1 Bg4 22. Ng5 h6 23. Ne6 Rfe8 24. f3 Bh5 25. Rd1 Rac8 26. Nxc5 Bg6 27. b4 a5 28. a3 axb4 29. axb4 Re2 30. Rd2 Re1+ 31. Kb2 Ra8 32. Nb3 Bf7 33. b5 Ne8 34. Qc6 Rb8 35. Rd7 Re6 36. Qc5 Reb6 37. Nd4 Nf6 38. Rd6 R6b7 39. Rc6 Kh7 40. c4 Bg6 41. Rc8 Nd7 42. Qc6 Ne5 43. Qe6 Bf7 44. Qxe5 Rxc8 45. Qf5+ 1-0

[Event "FRA-chT U20 16 GP Basse 1011"]
[Site "France"]
[Date "2011.06.13"]
[Round "11"]
[White "Lutard, Florian"]
[Black "Stark, Gabriel"]
[Result "1/2-1/2"]
[WhiteElo "1693"]
[BlackElo "1785"]
[PlyCount "109"]
[EventDate "2010.06.20"]
[EventType "team-tourn"]
[EventRounds "11"]
[EventCountry "FRA"]
[SourceTitle "EXT 2015"]
[Source "ChessBase"]
[SourceDate "2014.11.20"]
[SourceVersion "1"]
[SourceVersionDate "2014.11.20"]
[SourceQuality "1"]
[WhiteTeam "Potemkine (U20)"]
[BlackTeam "Paris AECE (U20)"]
[WhiteTeamCountry "FRA"]
[BlackTeamCountry "FRA"]

1. d4 Nf6 2. c4 g6 3. Nc3 Bg7 4. e4 d6 5. Nf3 0-0 6. Be2 Nbd7 7. 0-0 e5 8. Be3 Ne8 9. Bg5 f6 10. Bh4 g5 11. Bg3 g4 12. Nh4 exd4 13. Qxd4 Ne5 14. Nf5 Be6 15. Nd5 Qd7 16. Qd1 Bxf5 17. exf5 Kh8 18. Bxe5 fxe5 19. Bxg4 Nf6 20. Nxf6 Bxf6 21. Qd5 c6 22. Qe6 Qg7 23. Bh5 Rad8 24. Rad1 Be7 25. f6 Rxf6 26. Qg4 Rf4 27. Qxg7+ Kxg7 28. b3 Rg8 29. g3 Kf6 30. Kh1 Rf5 31. Be2 Rd8 32. Bd3 Rh5 33. Be4 Rf8 34. f4 Kg7 35. f5 Rg5 36. Kg2 Kf6 37. h3 c5 38. Rf3 b6 39. Rdf1 h6 40. Bd5 Rb8 41. Bc6 Rg7 42. a4 Rgg8 43. Bd5 Rg7 44. Bc6 Rf8 45. Bd5 Rh7 46. R1f2 Kg7 47. Be4 Bf6 48. Rd2 Rd8 49. Re2 Kf8 50. Ref2 Rc7 51. Re2 Ke7 52. Ref2 a6 53. Re2 b5 54. axb5 axb5 55. Bd5 1/2-1/2

[Event "FRA-chT U20 16 GP Basse 1011"]
[Site "France"]
[Date "2011.06.12"]
[Round "9"]
[White "Bellahcene, Bilel"]
[Black "Stark, Gabriel"]
[Result "1-0"]
[WhiteElo "2226"]
[BlackElo "1785"]
[PlyCount "127"]
[EventDate "2010.06.20"]
[EventType "team-tourn"]
[EventRounds "11"]
[EventCountry "FRA"]
[SourceTitle "EXT 2015"]
[Source "ChessBase"]
[SourceDate "2014.11.20"]
[SourceVersion "1"]
[SourceVersionDate "2014.11.20"]
[SourceQuality "1"]
[WhiteTeam "Bischwiller (U20)"]
[BlackTeam "Paris AECE (U20)"]
[WhiteTeamCountry "FRA"]
[BlackTeamCountry "FRA"]

1. e4 e6 2. d4 d5 3. Nd2 Nf6 4. e5 Nfd7 5. f4 c5 6. Ngf3 cxd4 7. Nb3 Nc6 8. Bd3 Nc5 9. Nxc5 Bxc5 10. a3 a6 11. 0-0 Be7 12. b4 Bd7 13. Bb2 Na7 14. Nxd4 Bb5 15. f5 Bxd3 16. Qxd3 exf5 17. Nxf5 0-0 18. Qg3 g6 19. Nh6+ Kg7 20. Nxf7 Rxf7 21. e6+ Rf6 22. Bxf6+ Bxf6 23. Rad1 Nc6 24. Qf4 d4 25. Rd3 Qe7 26. Rh3 Rf8 27. Qh6+ Kg8 28. g4 d3 29. c3 Rd8 30. Qe3 d2 31. Rd1 Ne5 32. g5 Bg7 33. Rxd2 Rxd2 34. Qxd2 Qxe6 35. Qd8+ Bf8 36. Re3 Qg4+ 37. Kh1 Qf4 38. Qd5+ Nf7 39. Rf3 Qc1+ 40. Kg2 Qxg5+ 41. Qxg5 Nxg5 42. Rd3 Ne4 43. c4 Nd6 44. c5 Nb5 45. a4 Nc7 46. Rd7 Ne6 47. Rxb7 Nxc5 48. bxc5 Bxc5 49. Rb8+ Kf7 50. Ra8 Ke7 51. Rxa6 Kd7 52. Ra8 h6 53. Rg8 Be3 54. Rxg6 Kc7 55. Kf3 Bd2 56. h4 Kd7 57. h5 Ke7 58. Ke2 Bf4 59. a5 Kd7 60. a6 Kc7 61. Kf3 Bc1 62. Ke4 Kb8 63. Kf5 Ka7 64. Rc6 1-0

[Event "FRA-chTA U20 1011"]
[Site "France"]
[Date "2010.12.19"]
[Round "5.3"]
[White "Stark, Gabriel"]
[Black "Lamard, Guillaume"]
[Result "0-1"]
[WhiteElo "1778"]
[BlackElo "2152"]
[PlyCount "42"]
[EventDate "2010.11.21"]
[EventType "team-tourn"]
[EventRounds "7"]
[EventCountry "FRA"]
[SourceTitle "EXT 2012"]
[Source "ChessBase"]
[SourceDate "2011.11.24"]
[SourceVersion "1"]
[SourceVersionDate "2011.11.24"]
[SourceQuality "1"]
[WhiteTeam "AECE"]
[BlackTeam "Cannes"]
[WhiteTeamCountry "FRA"]
[BlackTeamCountry "FRA"]

1. d4 Nf6 2. c4 e6 3. Nc3 Bb4 4. Qc2 d5 5. Bd2 0-0 6. e3 b6 7. Nf3 Bb7 8. Be2 Nbd7 9. cxd5 exd5 10. 0-0 a6 11. Rac1 Bd6 12. Bd3 Qe7 13. Rfe1 Ne4 14. Qb3 Ndf6 15. h3 Rfe8 16. Bxe4 dxe4 17. Nh2 Rad8 18. a3 h5 19. Ne2 Nd5 20. g3 Qe6 21. Kg2 Nf4+ 0-1

[Event "FRA-chTA U20 1011"]
[Site "France"]
[Date "2010.11.21"]
[Round "1.3"]
[White "Stark, Gabriel"]
[Black "Rodriguez, Adrien"]
[Result "1/2-1/2"]
[WhiteElo "1778"]
[BlackElo "1859"]
[PlyCount "113"]
[EventDate "2010.11.21"]
[EventType "team-tourn"]
[EventRounds "7"]
[EventCountry "FRA"]
[SourceTitle "EXT 2012"]
[Source "ChessBase"]
[SourceDate "2011.11.24"]
[SourceVersion "1"]
[SourceVersionDate "2011.11.24"]
[SourceQuality "1"]
[WhiteTeam "AECE"]
[BlackTeam "Saint Mande"]
[WhiteTeamCountry "FRA"]
[BlackTeamCountry "FRA"]

1. d4 Nf6 2. c4 c5 3. d5 b5 4. cxb5 a6 5. b6 d6 6. a4 Qxb6 7. a5 Qc7 8. Nc3 g6 9. e4 Bg7 10. f4 0-0 11. Be2 Bb7 12. Nf3 Nbd7 13. 0-0 Rfe8 14. Re1 e6 15. Bc4 exd5 16. Nxd5 Bxd5 17. Bxd5 Nxd5 18. Qxd5 Rab8 19. Rd1 Nf6 20. Qxd6 Qxd6 21. Rxd6 Nxe4 22. Rxa6 Red8 23. Kf1 Bxb2 24. Bxb2 Rxb2 25. Rc6 Nd2+ 26. Kg1 Nb3 27. Re1 Nxa5 28. Rxc5 Nb7 29. Rc7 Ra8 30. Ng5 Nd6 31. Rd7 h6 32. Nf3 Nf5 33. g4 Ng7 34. Rd2 Rb4 35. Rd4 Raa4 36. Red1 Ne6 37. Rxb4 Rxb4 38. Kf2 Rxf4 39. Kg3 h5 40. gxh5 gxh5 41. h3 Re4 42. Rd5 Ng7 43. Rd8+ Re8 44. Rxe8+ Nxe8 45. Kh4 Ng7 46. Kg5 Kf8 47. Nd4 Ke7 48. Nf5+ Nxf5 49. Kxf5 f6 50. Kg6 h4 51. Kh5 Ke6 52. Kxh4 Kf5 53. Kg3 Kg5 54. h4+ Kh5 55. Kf4 Kxh4 56. Kf5 Kh5 57. Kxf6 1/2-1/2

[Event "FRA-ch U12"]
[Site "Aix les Bains"]
[Date "2009.04.22"]
[Round "5"]
[White "Stark, Gabriel"]
[Black "Dubois, Adrien"]
[Result "0-1"]
[WhiteElo "1780"]
[BlackElo "1540"]
[PlyCount "59"]
[EventDate "2009.04.19"]
[EventType "swiss"]
[EventRounds "9"]
[EventCountry "FRA"]
[SourceTitle "CBM 130 Extra"]
[Source "ChessBase"]
[SourceDate "2009.07.02"]
[SourceVersion "2"]
[SourceVersionDate "2009.07.15"]
[SourceQuality "1"]

1. d4 d5 2. c4 dxc4 3. e4 Nf6 4. e5 Nd5 5. Bxc4 Nb6 6. Bb3 Nc6 7. Be3 Bf5 8. a3 e6 9. Nf3 Qd7 10. Nc3 0-0-0 11. Rc1 Bg4 12. 0-0 Be7 13. h3 Bh5 14. Ba2 Kb8 15. Rc2 g5 16. Rd2 Nd5 17. Ne4 g4 18. Nh2 Bg6 19. Qxg4 Rhg8 20. Qf3 Bf5 21. Nc3 Nxc3 22. bxc3 Bxa3 23. d5 Nxe5 24. Qe2 Bd6 25. Rb2 h6 26. Ra1 Qc8 27. Qd1 Bxh3 28. g3 Ng4 29. dxe6 Qxe6 30. Qa4 0-1

[Event "FRA-ch U12"]
[Site "Aix les Bains"]
[Date "2009.04.20"]
[Round "3"]
[White "Stark, Gabriel"]
[Black "Charvein, Gabriel"]
[Result "1-0"]
[WhiteElo "1780"]
[BlackElo "1600"]
[PlyCount "39"]
[EventDate "2009.04.19"]
[EventType "swiss"]
[EventRounds "9"]
[EventCountry "FRA"]
[SourceTitle "CBM 130 Extra"]
[Source "ChessBase"]
[SourceDate "2009.07.02"]
[SourceVersion "2"]
[SourceVersionDate "2009.07.15"]
[SourceQuality "1"]

1. d4 Nf6 2. c4 g6 3. Nc3 Bg7 4. e4 d6 5. f4 0-0 6. Be2 Nbd7 7. Nf3 c5 8. d5 Ne8 9. 0-0 a6 10. a4 f5 11. Ng5 Ndf6 12. e5 Ng4 13. Bxg4 fxg4 14. e6 Nf6 15. Nge4 Qc7 16. Qe2 h6 17. f5 Nxe4 18. Qxe4 gxf5 19. Rxf5 Bf6 20. Qxg4+ 1-0